Machine Learning and Data Science Techniques Applied to Intel Historical SDL (Security Development Lifecycle) Project Execution Data to Discover Improvement Insights /

Guardado en:
Detalles Bibliográficos
Autor principal: Téllez Salmón, Ximena (autor)
Formato: Tesis Libro
Idioma:Inglés
Publicado: Guadalajara, México : edición de autor, 2022
Temas:
Acceso en línea:Ver documento en línea
Etiquetas: Agrega una etiqueta
Sin etiquetas, Sé el primero en etiquetar este registro!

MARC

LEADER 00000nam^a2200000^a^4500
001 000590373
005 20251023000000.0
009 20260310132907.577
037 |a Acervo ITESO - Biblioteca 
041 |a ING 
090 |a MSC. 73 
100 |a Téllez Salmón, Ximena  |e (autor) 
245 1 0 |a Machine Learning and Data Science Techniques Applied to Intel Historical SDL (Security Development Lifecycle) Project Execution Data to Discover Improvement Insights /  |c X. Téllez Salmón. 
264 1 |a Guadalajara, México :  |b edición de autor,  |c 2022 
300 |a 1 tesis electrónica en línea (139 p.) 
300 |a 1 recurso en línea 
336 |a datos para computadora  |b cod  |2 rdacontenido 
337 |a computadora  |b c  |2 rdamedio 
338 |a recurso en línea  |b cr  |2 rdasoporte 
502 |a ITESO Tesis de Maestría en Sistemas Computacionales 
506 1 |a TOG con embargo 
649 |a XX 
650 |a Industria de la Computación -  |z Guadalajara, Jalisco 
650 |a Aprendizaje Automático (Inteligencia Artificial) 
650 |a Inteligencia Artificial 
650 |a Seguridad Informática -  |x Tema Principal 
650 |a Ciencia de Datos 
650 |a Desarrollo de Sistemas 
650 |a Sistemas Computacionales 
650 |a Ingeniería Computacional 
856 4 0 |u https://rei.iteso.mx/handle/11117/8165  |y Ver documento en línea 
910 |a Fondo General 
920 |a Electrónicos - Tesis del ITESO en Línea 
930 |a Repositorio Institucional 
905 |a 201 
902 |a https://opac.biblio.iteso.mx/vufind/Record/000590373